Statistics for The Most Dangerous Jobs

Click here to take the quiz!

General Stats

  • This quiz has been taken 1,653 times
  • The average score is 7 of 20

Answer Stats

Fatalities per 100,000 workersOccupation% Correct
16 per 100,000 workersPolice Officer
81%
7 per 100,000 workersFirefighter
73%
16 per 100,000 workersConstruction equipment operator
54%
46 per 100,000 workersConstruction worker
54%
72 per 100,000 workersAirplane pilot
51%
129 per 100,000 workersFisherman
51%
22 per 100,000 workersTruck driver
50%
22 per 100,000 workersCoal Miner
45%
21 per 100,000 workersTaxi and limousine driver
44%
30 per 100,000 workersPower line installer
34%
24 per 100,000 workersOil and gas driller
31%
40 per 100,000 workersFarmer
29%
8 per 100,000 workersSecurity guard
27%
116 per 100,000 workersLogger
25%
37 per 100,000 workersSanitation worker
13%
23 per 100,000 workersMerchant mariner
12%
34 per 100,000 workersRoofer
9%
2 per 100,000 workersAnimal Slaughterers
5%
13 per 100,000 workersCement manufacturer
2%
12 per 100,000 workersMiller
2%

Score Distribution

Percentile by Number Answered

Percent of People with Each Score

Your Score History

You have not taken this quiz